[Event "TCh-RUS Blitz 2015"]
[Site "Sochi RUS"]
[Date "2015.05.10"]
[Round "8.20"]
[White "Palchun, Grigory"]
[Black "Brodsky, Michail"]
[Result "1-0"]
[BlackTitle "GM"]
[WhiteElo "2288"]
[BlackElo "2555"]
[WhiteTeam "SDYUSSHOR Hilti (St. Petersburg)"]
[BlackTeam "Lada (Samara region)"]
[WhiteFideId "24147338"]
[BlackFideId "14100932"]
[EventDate "2015.05.10"]

1. d4 Nf6 2. Nf3 e6 3. Bf4 b6 4. e3 Bb7 5. Nbd2 Be7 6. h3 c5 7. c3 cxd4 8. exd4
O-O 9. Bd3 Nc6 10. O-O Nd5 11. Bh2 Rc8 12. Qe2 d6 13. Rfe1 Re8 14. a4 g6 15. Nc4
Bf8 16. h4 Nf6 17. a5 bxa5 18. Qd1 Ng4 19. Bg3 d5 20. Ne3 Nxe3 21. Rxe3 Bh6 22.
Re1 Bg7 23. h5 Qb6 24. Rb1 Ba6 25. Bxa6 Qxa6 26. hxg6 hxg6 27. Ng5 Ne7 28. Qg4
Nf5 29. Qh3 f6 30. Qh7+ Kf8 31. Nh3 g5 32. Bh2 Kf7 33. Qh5+ Ke7 34. Qf3 Kd7 35.
Ra1 Rh8 36. b4 a4 37. Qd1 Rxc3 38. Rxa4 Qb7 39. Qa1 Ra8 40. Qxc3 Rc8 41. Qa1 Ra8
42. Ra6 Bf8 43. Qa4+ Kd8 44. Raxe6 Be7 45. g4 Nxd4 46. Rxe7 Nf3+ 47. Kh1 Qxe7
48. Rxe7 Kxe7 49. Qc6 Rd8 50. Kg2 Nh4+ 51. Kf1 d4 52. Qe4+ Kf7 53. f3 d3 54. Nf2
d2 55. Nd1 Ng6 56. Qb7+ Ne7 57. Qc7 Rc8 58. Qxa7 Ke6 59. Ke2 Rc2 60. Qa6+ Kf7
61. Qd3 Rc8 62. Qxd2 Rh8 63. Bg3 Rh3 64. Qd6 Rh1 65. Nf2 Rb1 66. Ne4 Ke8 1-0

[Event "TCh-RUS Blitz 2015"]
[Site "Sochi RUS"]
[Date "2015.05.10"]
[Round "8.21"]
[White "Bocharov, Ivan"]
[Black "Yudin, Sergei"]
[Result "0-1"]
[WhiteTitle "FM"]
[BlackTitle "GM"]
[WhiteElo "2489"]
[BlackElo "2524"]
[WhiteTeam "56 parallel (Krasnoyarsk)"]
[BlackTeam "Polytechnic (Nizhny Tagil)"]
[WhiteFideId "4180887"]
[BlackFideId "4159659"]
[EventDate "2015.05.10"]

1. f4 f5 2. Nf3 g6 3. d3 Bg7 4. e4 Nf6 5. e5 Nd5 6. c4 Nb6 7. d4 e6 8. Nc3 O-O
9. h4 h5 10. Be3 d6 11. Qc2 Nc6 12. a3 d5 13. c5 Nd7 14. b4 Ne7 15. Ng5 Nb8 16.
Rh3 a5 17. b5 c6 18. b6 Bh6 19. Rg3 Bxg5 20. Rxg5 Kh7 21. Be2 Ng8 22. Bd2 Bd7
23. Nd1 Nh6 24. Nf2 Be8 25. Qb3 Nd7 26. Bc3 Qe7 27. Qc2 Nf7 28. Rg3 Qxh4 29. Rf3
Nh6 30. Kd2 Qe7 31. Rh1 Kg7 32. Nd3 Rh8 33. Kc1 Nf8 34. Be1 Nh7 35. Bh4 Qf8 36.
Rg3 Ng4 37. Qd2 a4 38. Ne1 Nf2 39. Rxg6+ Bxg6 40. Bxf2 h4 41. Bxh4 Qf7 42. Qe3
Kf8 43. Qg3 Ke8 44. Nf3 Kd7 45. Bf6 Nxf6 46. Rxh8 Nh5 47. Rxa8 Nxg3 48. Bd1 Bh5
49. Rb8 Qg6 50. Rxb7+ Kc8 51. Ng5 Bxd1 52. Rc7+ Kb8 53. Nf7 Qg4 54. Nd6 Qxf4+
55. Kxd1 Qxd4+ 56. Ke1 Qxe5+ 57. Kd1 Qd4+ 58. Ke1 Qc3+ 59. Kd1 Qd3+ 60. Kc1 Ne2+
61. Kb2 Qc3+ 62. Ka2 Qc2+ 63. Ka1 Qc1+ 0-1

[Event "TCh-RUS Blitz 2015"]
[Site "Sochi RUS"]
[Date "2015.05.10"]
[Round "8.22"]
[White "Goganov, Aleksey"]
[Black "Kiriakov, Petr"]
[Result "1/2-1/2"]
[WhiteTitle "GM"]
[BlackTitle "GM"]
[WhiteElo "2609"]
[BlackElo "2535"]
[WhiteTeam "Polytechnic (Nizhny Tagil)"]
[BlackTeam "56 parallel (Krasnoyarsk)"]
[WhiteFideId "24109959"]
[BlackFideId "4119231"]
[EventDate "2015.05.10"]

1. Nf3 d5 2. g3 Nf6 3. Bg2 e6 4. c4 Be7 5. d4 O-O 6. Qc2 c5 7. O-O cxd4 8. Nxd4
Nc6 9. Nxc6 bxc6 10. Nc3 Ba6 11. b3 Bd6 12. Na4 Qe7 13. Be3 h6 14. Rac1 Rfc8 15.
Rfd1 Rab8 16. Qd2 Bb4 17. Qd4 c5 18. Qh4 d4 19. Bd2 Bxd2 20. Rxd2 e5 21. Nb2 Re8
22. e4 Bc8 23. Nd3 Kh7 24. f4 exf4 25. Qxf4 Rb6 26. e5 Ng4 27. Re1 Ne3 28. Be4+
Kg8 29. Rf2 g5 30. Qf3 Bg4 31. Qh1 Kg7 32. Bf3 Bf5 33. Be4 Bh3 34. Bc6 Rc8 35.
Be4 Rf8 36. Qf3 Bg4 37. Qf6+ Rxf6 38. exf6+ Qxf6 39. Rxf6 Kxf6 40. Nxc5 Re8 41.
Bd3 Bf5 42. Bxf5 Kxf5 43. h3 h5 44. Kf2 g4 45. h4 Rd8 46. Nd3 Ke4 47. Nc5+ Ke5
48. Nd3+ Ke4 49. Nf4 Rd6 50. Nxh5 Ra6 51. Re2 Kd3 52. Nf4+ Kc3 53. h5 Nc2 54.
Nd5+ Kd3 55. Nf4+ Kc3 56. Nd5+ Kd3 57. Rxc2 Kxc2 58. Nb4+ Kc1 59. Nxa6 d3 60.
Nb4 d2 61. Nd3+ Kc2 62. Ne1+ Kc1 63. Nd3+ Kc2 64. Ne1+ Kc1 65. Nd3+ Kc2 1/2-1/2

[Event "TCh-RUS Blitz 2015"]
[Site "Sochi RUS"]
[Date "2015.05.10"]
[Round "8.23"]
[White "Zablotsky, Sergei"]
[Black "Pogromsky, Mikhail"]
[Result "0-1"]
[WhiteTitle "GM"]
[BlackTitle "IM"]
[WhiteElo "2525"]
[BlackElo "2428"]
[WhiteTeam "56 parallel (Krasnoyarsk)"]
[BlackTeam "Polytechnic (Nizhny Tagil)"]
[WhiteFideId "4131606"]
[BlackFideId "4184688"]
[EventDate "2015.05.10"]

1. Nf3 Nf6 2. c4 e6 3. Nc3 Bb4 4. Qb3 Nc6 5. g3 O-O 6. Bg2 d6 7. O-O Bxc3 8.
Qxc3 e5 9. b4 Re8 10. b5 Ne7 11. d3 Nd7 12. a4 a5 13. Ba3 Rb8 14. Qxa5 b6 15.
Qc3 Bb7 16. Bb2 f6 17. a5 bxa5 18. Rxa5 Nc5 19. Rfa1 c6 20. Ba3 cxb5 21. Bxc5
dxc5 22. Rxb5 Qd6 23. Rab1 Bc6 24. Rxb8 Rxb8 25. Rb2 Nf5 26. Nd2 Nd4 27. Ne4
Bxe4 28. Bxe4 Rb4 29. e3 Qb8 30. Ra2 Ra4 31. Qc2 Nxc2 32. Rxa4 g6 33. Ra8 Qxa8
34. Bxa8 f5 35. f4 Nxe3 36. fxe5 Ng4 37. e6 Kf8 38. h3 Ne5 39. Kf2 Nxd3+ 40. Ke3
Nb2 41. Bd5 Ke7 42. Kf4 Kf6 43. h4 h6 44. g4 fxg4 45. Kxg4 Nd3 46. h5 g5 47. e7
Ne5+ 48. Kg3 Kxe7 49. Kf2 Kf6 50. Ke3 Nf7 51. Kd3 Nd6 52. Ke3 Ke5 53. Bg8 Nf5+
54. Kf3 Kd4 55. Be6 Nd6 56. Kg4 Nxc4 57. Kf5 Ne5 58. Kf6 c4 59. Kg7 c3 60. Bb3
Ng4 61. Bd1 Ne3 62. Bb3 g4 63. Kxh6 g3 64. Kh7 g2 65. h6 g1=Q 66. Kh8 Nf5 0-1

[Event "TCh-RUS Blitz 2015"]
[Site "Sochi RUS"]
[Date "2015.05.10"]
[Round "8.24"]
[White "Vokarev, Sergey"]
[Black "Mikhel, Vladislav"]
[Result "1-0"]
[WhiteTitle "GM"]
[BlackTitle "FM"]
[WhiteElo "2456"]
[BlackElo "2347"]
[WhiteTeam "Polytechnic (Nizhny Tagil)"]
[BlackTeam "56 parallel (Krasnoyarsk)"]
[WhiteFideId "4119711"]
[BlackFideId "4140435"]
[EventDate "2015.05.10"]

1. e4 c5 2. Nf3 d6 3. d4 cxd4 4. Qxd4 Nc6 5. Bb5 Bd7 6. Qd3 Nf6 7. h3 g6 8. O-O
Bg7 9. c4 O-O 10. Nc3 Rc8 11. Be3 a6 12. Bxc6 Bxc6 13. Nd4 Bd7 14. Rac1 Qa5 15.
b3 b5 16. cxb5 axb5 17. Ndxb5 Nxe4 18. Qxe4 Bxb5 19. Nxb5 Qxb5 20. Qxe7 d5 21.
Rcd1 Rfe8 22. Qh4 Rc2 23. Rd2 Rxd2 24. Bxd2 d4 25. Re1 Ra8 26. Qe4 Qb8 27. a4 h5
28. Qd3 Qb7 29. a5 Rd8 30. b4 Bf8 31. b5 Rd5 32. Rb1 Qe7 33. b6 Qe5 34. b7 Bd6
35. g3 Bb8 36. Bf4 Qe8 37. Bxb8 Qxb8 38. a6 Ra5 39. Rc1 1-0

[Event "TCh-RUS Blitz 2015"]
[Site "Sochi RUS"]
[Date "2015.05.10"]
[Round "8.25"]
[White "Triapishko, Olexandr"]
[Black "Skomorokhin, Roman"]
[Result "1-0"]
[BlackTitle "IM"]
[WhiteElo "2393"]
[BlackElo "2381"]
[WhiteTeam "Crimea (Republic of Crimea)"]
[BlackTeam "SK Volga (Kstovo)"]
[WhiteFideId "14122286"]
[BlackFideId "4112610"]
[EventDate "2015.05.10"]

1. Nf3 d5 2. g3 Bg4 3. Bg2 c6 4. O-O e6 5. d3 Nd7 6. c4 Bc5 7. cxd5 cxd5 8. Nc3
Ngf6 9. Qb3 Qb6 10. Qxb6 Bxb6 11. Bf4 O-O 12. Rac1 Rfc8 13. Nb5 Ne8 14. h3 Bh5
15. g4 Bg6 16. Ne5 Nxe5 17. Bxe5 a6 18. Nc3 f6 19. Bg3 Kf8 20. Na4 Bd4 21. b4
Ke7 22. Nc5 b6 23. Na4 b5 24. Nc5 Bf7 25. e3 Be5 26. f4 Bd6 27. d4 Bg6 28. Kh2
Bf7 1-0

[Event "TCh-RUS Blitz 2015"]
[Site "Sochi RUS"]
[Date "2015.05.10"]
[Round "8.26"]
[White "Skomorokhin, Vadim"]
[Black "Shemeakin, Alexander"]
[Result "0-1"]
[WhiteTitle "FM"]
[BlackTitle "IM"]
[WhiteElo "2342"]
[BlackElo "2247"]
[WhiteTeam "SK Volga (Kstovo)"]
[BlackTeam "Crimea (Republic of Crimea)"]
[WhiteFideId "4119835"]
[BlackFideId "14101840"]
[EventDate "2015.05.10"]

1. d4 d5 2. Bg5 h6 3. Bh4 c6 4. Nf3 Qb6 5. b3 Bf5 6. e3 Nd7 7. Bd3 Bxd3 8. Qxd3
Ngf6 9. Nbd2 e6 10. O-O Be7 11. c4 O-O 12. c5 Qd8 13. h3 Re8 14. Bg3 a5 15. a3
Nh5 16. Bh2 f5 17. b4 Nhf6 18. b5 Ne4 19. Rab1 Qc8 20. Rb2 Bf6 21. Rfb1 e5 22.
bxc6 bxc6 23. Qc2 f4 24. Nxe4 dxe4 25. dxe5 Nxe5 26. Nxe5 Bxe5 27. Rb7 f3 28.
Bxe5 Rxe5 29. g4 Qe6 30. Qb3 Qxb3 31. R1xb3 Rxc5 32. Re7 Rb5 33. Rxb5 cxb5 34.
Rxe4 Rb8 35. Rd4 b4 36. axb4 axb4 37. Kh2 b3 38. Rd1 b2 39. Rb1 Kf7 40. Kg3 Ke6
41. Kxf3 Kd5 42. Ke2 Kc4 43. f4 Kc3 44. e4 Kc2 45. Re1 b1=Q 46. Rxb1 Rxb1 47. e5
Kc3 48. Ke3 Re1+ 49. Kf3 Kd4 50. h4 Re3+ 51. Kf2 Ke4 52. f5 Kf4 53. e6 Re5 0-1

[Event "TCh-RUS Blitz 2015"]
[Site "Sochi RUS"]
[Date "2015.05.10"]
[Round "8.27"]
[White "Vasilevich, Tatjana"]
[Black "Talanin, Andrei"]
[Result "0-1"]
[WhiteTitle "IM"]
[WhiteElo "2404"]
[BlackElo "2279"]
[WhiteTeam "Crimea (Republic of Crimea)"]
[BlackTeam "SK Volga (Kstovo)"]
[WhiteFideId "14101610"]
[BlackFideId "4117387"]
[EventDate "2015.05.10"]

1. d4 d5 2. c4 e6 3. Nc3 Nf6 4. cxd5 exd5 5. Bg5 Be7 6. e3 O-O 7. Bd3 c6 8. Qc2
Nbd7 9. Nf3 Re8 10. O-O Nf8 11. h3 g6 12. Rab1 Ne6 13. Bh4 Ng7 14. b4 a6 15. a4
Nf5 16. Bg5 Be6 17. b5 axb5 18. axb5 Rc8 19. bxc6 bxc6 20. Rb7 Nd6 21. Ra7 Nd7
22. Bf4 Ra8 23. Rfa1 Rxa7 24. Rxa7 Qb6 25. Qa2 Nc4 26. Ra8 Rxa8 27. Qxa8+ Kg7
28. Ng5 c5 29. Nxe6+ Qxe6 30. Nxd5 Ndb6 31. Nxb6 Nxb6 32. dxc5 Nxa8 0-1

[Event "TCh-RUS Blitz 2015"]
[Site "Sochi RUS"]
[Date "2015.05.10"]
[Round "8.28"]
[White "Shumilina, Alexandra"]
[Black "Gritsayeva, Oksana"]
[Result "1-0"]
[WhiteTitle "WIM"]
[BlackTitle "WFM"]
[WhiteElo "2238"]
[BlackElo "2328"]
[WhiteTeam "SK Volga (Kstovo)"]
[BlackTeam "Crimea (Republic of Crimea)"]
[WhiteFideId "4165810"]
[BlackFideId "14104652"]
[EventDate "2015.05.10"]

1. e4 c5 2. c3 d5 3. exd5 Qxd5 4. d4 Nf6 5. Nf3 e6 6. Be3 cxd4 7. cxd4 Nc6 8.
Nc3 Qd6 9. Bd3 Be7 10. O-O O-O 11. a3 Rd8 12. Qe2 Nd5 13. Ne4 Qb8 14. Rad1 Nf4
15. Bxf4 Qxf4 16. Qe3 Qc7 17. Bc4 Na5 18. Ba2 Nc4 19. Qe2 Nb6 20. Ne5 Nd5 21.
Rc1 Qb6 22. Nc5 Bf6 23. Rfd1 Qd6 24. Ne4 Qe7 25. Ng4 Bg5 26. Nxg5 Qxg5 27. Ne5
Bd7 28. Bxd5 exd5 29. Qf3 Be6 30. Rc7 Rac8 31. Nxf7 Qg6 32. Nxd8 Rxc7 33. Nxe6
Qxe6 34. Qd3 Qg4 35. h3 Qg5 36. Re1 Rc1 37. Qe2 Rxe1+ 38. Qxe1 h6 39. Qe8+ Kh7
40. Qe2 Qf4 41. Qd3+ Kg8 42. Qc3 Kh7 43. g3 Qe4 44. Kh2 b6 45. h4 Qf5 46. Qd2
Qe4 47. Qe3 Qc2 48. b4 b5 49. g4 Qd1 50. Kg3 Qg1+ 51. Kf4 Qh1 52. Ke5 Qxh4 53.
Kxd5 Qxg4 54. Kc5 Qd7 55. Qe4+ Kh8 56. d5 a6 57. d6 h5 58. Qe7 Qf5+ 59. Kc6 Qxf2
60. d7 Qc2+ 61. Kb7 Qg2+ 62. Kc8 Qa8+ 63. Kc7 Qa7+ 64. Kd6 Qb6+ 65. Ke5 Qe3+ 66.
Kd6 Qd4+ 67. Kc6 Qc4+ 68. Qc5 Qe6+ 69. Kc7 Qf7 70. Kc8 Qe6 71. Qxh5+ Kg8 72.
Qe8+ 1-0

[Event "TCh-RUS Blitz 2015"]
[Site "Sochi RUS"]
[Date "2015.05.10"]
[Round "8.30"]
[White "Vavulin, Maksim"]
[Black "Ivanov, Alexander Al."]
[Result "1-0"]
[WhiteTitle "IM"]
[BlackTitle "GM"]
[WhiteElo "2442"]
[BlackElo "2420"]
[WhiteTeam "Our heritage junior (Moscow)"]
[BlackTeam "HQ Rakita - NIU BSU (Belgorod)"]
[WhiteFideId "4169530"]
[BlackFideId "4126360"]
[EventDate "2015.05.10"]

1. e4 d6 2. d4 g6 3. Nc3 Bg7 4. Bg5 Nc6 5. Bb5 a6 6. Bxc6+ bxc6 7. Qd2 h6 8. Bh4
Nf6 9. f4 Bb7 10. Qe3 O-O 11. Nf3 Rb8 12. O-O-O Nd7 13. f5 c5 14. d5 Kh7 15. g4
Ne5 16. Nxe5 Bxe5 17. Bg3 Bg7 18. e5 gxf5 19. gxf5 dxe5 20. Bxe5 Bxe5 21. Qxe5
Qd6 22. Qe3 Bc8 23. Rhf1 Rg8 24. Ne4 Qb6 25. Qc3 Qb4 26. Qe5 Rb6 27. a3 Qb5 28.
f6 e6 1-0

[Event "TCh-RUS Blitz 2015"]
[Site "Sochi RUS"]
[Date "2015.05.10"]
[Round "8.31"]
[White "Khoroshilov, Nikita"]
[Black "Savenkov, Konstantin"]
[Result "0-1"]
[BlackTitle "FM"]
[WhiteElo "2274"]
[BlackElo "2320"]
[WhiteTeam "HQ Rakita - NIU BSU (Belgorod)"]
[BlackTeam "Our heritage junior (Moscow)"]
[WhiteFideId "24145122"]
[BlackFideId "4138600"]
[EventDate "2015.05.10"]

1. Nf3 Nf6 2. d3 g6 3. g3 Bg7 4. Bg2 O-O 5. e4 d6 6. O-O c5 7. Re1 Nc6 8. c3 e5
9. a3 b5 10. b4 a6 11. Nbd2 Qb6 12. Bb2 h6 13. Nf1 Be6 14. d4 exd4 15. cxd4 Bg4
16. e5 Nd5 17. h3 Be6 18. exd6 cxb4 19. Ne5 bxa3 20. Rxa3 Rad8 21. Nxg6 Rfe8 22.
Ne5 Rxd6 23. Qh5 Nf6 24. Qh4 Nxd4 25. Rd3 Red8 26. Red1 Ne2+ 27. Kh2 Qxf2 28.
Nf3 Rxd3 29. Rxd3 Rxd3 30. N1d2 Rxd2 0-1

[Event "TCh-RUS Blitz 2015"]
[Site "Sochi RUS"]
[Date "2015.05.10"]
[Round "8.32"]
[White "Shuvalova, Polina"]
[Black "Ananikian, Andrey"]
[Result "1-0"]
[WhiteTitle "WFM"]
[WhiteElo "2212"]
[BlackElo "2118"]
[WhiteTeam "Our heritage junior (Moscow)"]
[BlackTeam "HQ Rakita - NIU BSU (Belgorod)"]
[WhiteFideId "24171760"]
[BlackFideId "4197623"]
[EventDate "2015.05.10"]

1. e4 Nf6 2. e5 Nd5 3. c4 Nb6 4. c5 Nd5 5. Nc3 e6 6. d4 d6 7. Nxd5 exd5 8. cxd6
cxd6 9. Nf3 Nc6 10. Be2 Be7 11. O-O O-O 12. Bf4 Bg4 13. h3 Bh5 14. Qb3 Bxf3 15.
Bxf3 Nxd4 16. Qxd5 Nxf3+ 17. Qxf3 dxe5 18. Bxe5 Qb6 19. b3 Rfe8 20. Rad1 Rad8
21. Qg3 Qg6 22. Qf3 Qb6 23. Rc1 Rd7 24. Qg4 1-0

[Event "TCh-RUS Blitz 2015"]
[Site "Sochi RUS"]
[Date "2015.05.10"]
[Round "8.33"]
[White "Balashov, Yuri S"]
[Black "Gabrielian, Artur"]
[Result "0-1"]
[WhiteTitle "GM"]
[BlackTitle "GM"]
[WhiteElo "2443"]
[BlackElo "2576"]
[WhiteTeam "Our Heritage veterans (Moscow)"]
[BlackTeam "Stavropol region"]
[WhiteFideId "4100263"]
[BlackFideId "4131002"]
[EventDate "2015.05.10"]

1. e4 c5 2. Nc3 d6 3. Bb5+ Nd7 4. a4 Nf6 5. f4 a6 6. Bc4 e6 7. Qe2 Qc7 8. Nf3
Be7 9. d3 O-O 10. e5 Ne8 11. exd6 Nxd6 12. O-O Nxc4 13. dxc4 b6 14. Ne4 Bb7 15.
Re1 h6 16. b3 Rad8 17. Ng3 Bf6 18. Rb1 Bc3 19. Rf1 Nf6 20. Ne5 Nd7 21. Nd3 Rfe8
22. Be3 e5 23. f5 Nf6 24. Rbd1 Bd4 25. Nf2 Qc6 26. Nd3 Ng4 27. Bxd4 exd4 28. Qd2
Ne3 0-1

[Event "TCh-RUS Blitz 2015"]
[Site "Sochi RUS"]
[Date "2015.05.10"]
[Round "8.34"]
[White "Nechaev, Oleg"]
[Black "Dragomarezkij, Evgeni"]
[Result "1-0"]
[BlackTitle "IM"]
[WhiteElo "2329"]
[BlackElo "2393"]
[WhiteTeam "Stavropol region"]
[BlackTeam "Our Heritage veterans (Moscow)"]
[WhiteFideId "24113409"]
[BlackFideId "4101944"]
[EventDate "2015.05.10"]

1. c4 c5 2. g3 Nf6 3. Bg2 d5 4. cxd5 Nxd5 5. Nf3 Nc6 6. O-O e5 7. Nc3 Nc7 8. d3
Be7 9. Be3 O-O 10. Qa4 Bd7 11. Rfc1 Re8 12. Rab1 Bf8 13. a3 Nd4 14. Qd1 Bg4 15.
Nd2 Rb8 16. h3 Bh5 17. g4 Bg6 18. b4 Nce6 19. Nce4 cxb4 20. axb4 h5 21. Bxd4
exd4 22. gxh5 Bxh5 23. Ng3 Bg6 24. Nf3 Bd6 25. Rc4 a6 26. Qd2 Bxg3 27. fxg3 Qd6
28. Kh2 b5 29. Rc2 Rbc8 30. Rbc1 Rxc2 31. Rxc2 Bh5 32. h4 Bxf3 33. Bxf3 g6 34.
Rc6 Qe5 35. Rxa6 Rc8 36. Qa2 Rc1 37. Qd2 Rc3 38. Qh6 Rc8 39. Be4 Ng7 40. Ra7 Qf6
41. Qf4 Qxf4 42. gxf4 Ne6 43. Kg3 Kf8 44. Bd5 Rc2 45. Bxe6 fxe6 46. Kf3 Rb2 47.
Rb7 Rxb4 48. Kg4 Rb2 49. Kg5 Rxe2 50. Kf6 Ke8 51. Kxg6 Rf2 52. h5 Rxf4 53. h6
Rg4+ 54. Kf6 Rf4+ 55. Kxe6 Kd8 56. h7 Rh4 57. h8=Q+ 1-0

[Event "TCh-RUS Blitz 2015"]
[Site "Sochi RUS"]
[Date "2015.05.10"]
[Round "8.35"]
[White "Kremenietsky, Anatoly M."]
[Black "Rozhko, Dmitry"]
[Result "0-1"]
[WhiteTitle "IM"]
[BlackTitle "FM"]
[WhiteElo "2316"]
[BlackElo "2342"]
[WhiteTeam "Our Heritage veterans (Moscow)"]
[BlackTeam "Stavropol region"]
[WhiteFideId "4103467"]
[BlackFideId "4150430"]
[EventDate "2015.05.10"]

1. d4 d5 2. Nf3 Nf6 3. c4 c6 4. Nc3 a6 5. e3 b5 6. b3 Bg4 7. Be2 e6 8. O-O Nbd7
9. Bb2 Bd6 10. Qc2 O-O 11. h3 Bf5 12. Bd3 Bxd3 13. Qxd3 Rb8 14. Rab1 Qa5 15. Nd2
dxc4 16. bxc4 Bb4 17. Nb3 Qc7 18. Rfc1 Bd6 19. cxb5 axb5 20. e4 e5 21. d5 b4 22.
dxc6 bxc3 23. cxd7 Qxd7 24. Bxc3 Rfd8 25. Rd1 Qa4 26. Qc2 Qxe4 27. Rbc1 Qxc2 28.
Rxc2 Bc7 29. Re1 Rbc8 30. Bxe5 Bxe5 31. Rxc8 Rxc8 32. Rxe5 Ra8 33. Ra5 Rd8 34.
a4 Ne4 35. Kf1 Nc3 36. g4 h6 37. Ra7 Rd1+ 38. Kg2 Rb1 39. Nc5 Rb2 40. a5 Nd1 41.
a6 Rxf2+ 42. Kg3 Ra2 43. Rd7 Nc3 44. a7 Kh7 45. Rb7 Ra5 46. Nd7 Ne4+ 47. Kf4 Nd6
48. Rb6 Nc8 49. Rb8 g5+ 50. Ke4 Nxa7 51. Nf6+ Kg6 52. Nd5 Ra4+ 53. Ke5 Nc6+ 54.
Kd6 Nxb8 55. Ne7+ Kh7 56. Ke5 Ra6 57. Nd5 Ra5 58. Kd6 Rxd5+ 59. Kxd5 Kg6 60. Ke5
Nc6+ 61. Kd5 Nd8 62. Ke5 Ne6 63. Ke4 Nf4 0-1

[Event "TCh-RUS Blitz 2015"]
[Site "Sochi RUS"]
[Date "2015.05.10"]
[Round "8.36"]
[White "Bykov, Egor"]
[Black "Melnik, Viktor"]
[Result "1-0"]
[WhiteElo "2263"]
[BlackElo "2141"]
[WhiteTeam "Stavropol region"]
[BlackTeam "Our Heritage veterans (Moscow)"]
[WhiteFideId "34115290"]
[BlackFideId "4189205"]
[EventDate "2015.05.10"]

1. d4 d5 2. Nf3 Nf6 3. Bf4 c6 4. c3 g6 5. e3 Bg7 6. Nbd2 O-O 7. Be2 a5 8. a4 Qb6
9. Qb3 Nbd7 10. Qxb6 Nxb6 11. O-O Nbd7 12. h3 Re8 13. Bc7 b6 14. Rfc1 Ra7 15.
Bf4 Nh5 16. Bh2 f5 17. b4 Nhf6 18. b5 Bb7 19. c4 Rc8 20. bxc6 Bxc6 21. cxd5 Nxd5
22. Bb5 Nb4 23. Rc4 Raa8 24. Rac1 Bb7 25. Bxd7 Rxc4 26. Rxc4 Ba6 27. Rc7 Nd5 28.
Be6+ Kh8 29. Bxd5 Rd8 30. Be6 1-0

[Event "TCh-RUS Blitz 2015"]
[Site "Sochi RUS"]
[Date "2015.05.10"]
[Round "9.1"]
[White "Malakhov, Vladimir"]
[Black "Nepomniachtchi, Ian"]
[Result "1-0"]
[WhiteTitle "GM"]
[BlackTitle "GM"]
[WhiteElo "2702"]
[BlackElo "2728"]
[WhiteTeam "Malachite (Sverdlovsk region)"]
[BlackTeam "Our Heritage SHSM-1 (Moscow)"]
[WhiteFideId "4120787"]
[BlackFideId "4168119"]
[EventDate "2015.05.10"]

1. Nf3 g6 2. e4 Nf6 3. Nc3 d6 4. d4 Bg7 5. Be2 a6 6. a4 O-O 7. O-O Nc6 8. h3 e5
9. Be3 exd4 10. Nxd4 Re8 11. Nxc6 bxc6 12. Bd3 c5 13. Rb1 Bb7 14. Bg5 h6 15.
Bxf6 Qxf6 16. Bc4 c6 17. Qd3 a5 18. Rbd1 Rad8 19. Qg3 Qe7 20. Rfe1 Kh7 21. Qf3
Rf8 22. Ne2 Bc8 23. b3 f5 24. Ng3 fxe4 25. Rxe4 Qg5 26. h4 Qf6 27. Qxf6 Bxf6 28.
Be6 d5 29. Ree1 Bxh4 30. Bxc8 Rxc8 31. Re6 Kg7 32. Rde1 Rc7 33. Rd6 Rf6 34. Ree6
Rxe6 35. Rxe6 Kf7 36. Re3 Rb7 37. Ne2 Rb4 38. Rf3+ Bf6 39. Nc1 c4 40. Kf1 Ke6
41. Ke2 cxb3 42. cxb3 Bg5 43. Nd3 Re4+ 44. Kd1 Kd6 45. Rf7 Re7 46. Rf8 Rb7 47.
Kc2 Be7 48. Rg8 Bf6 49. Rxg6 Rf7 50. Rxh6 c5 51. g4 c4 52. bxc4 dxc4 53. g5
cxd3+ 54. Kxd3 Ke5 55. Rxf6 Rd7+ 56. Ke3 Rb7 57. f4+ Kd5 1-0

[Event "TCh-RUS Blitz 2015"]
[Site "Sochi RUS"]
[Date "2015.05.10"]
[Round "9.2"]
[White "Najer, Evgeniy"]
[Black "Riazantsev, Alexander"]
[Result "1/2-1/2"]
[WhiteTitle "GM"]
[BlackTitle "GM"]
[WhiteElo "2663"]
[BlackElo "2671"]
[WhiteTeam "Our Heritage SHSM-1 (Moscow)"]
[BlackTeam "Malachite (Sverdlovsk region)"]
[WhiteFideId "4118987"]
[BlackFideId "4125029"]
[EventDate "2015.05.10"]

1. e4 c6 2. d4 d5 3. e5 Bf5 4. c4 e6 5. a3 Ne7 6. Nc3 Nd7 7. Be3 Bg6 8. Nf3 dxc4
9. Bxc4 Nb6 10. Bb3 Nf5 11. O-O Be7 12. h3 O-O 13. Qe2 Nd5 14. Nxd5 cxd5 15.
Rac1 Qb6 16. Rc3 Rfc8 17. Rfc1 Qd8 18. Qb5 Rxc3 19. Rxc3 Nxe3 20. fxe3 Rb8 21.
Bc2 Bxc2 22. Rxc2 Rc8 23. Qb3 Rc7 24. Kf1 Qc8 25. Rxc7 Qxc7 26. Ke2 a6 27. Kd2
Qc6 28. Ne1 h6 29. Nd3 Bf8 30. Qc3 Qd7 31. Ke2 Qd8 32. Qb3 Qc7 33. Kd2 Qe7 34.
Qb6 Qg5 35. Ne1 Qe7 36. Nd3 Qg5 37. Nf4 Qe7 38. Ke2 Qd7 39. Nd3 Qc8 40. Nc5 Bxc5
41. dxc5 Kh7 42. a4 Qd7 43. b3 Qe7 44. Kd3 Qg5 45. Qxb7 Qf5+ 46. Kc3 Qxe5+ 47.
Kb4 Qxe3 48. Qxa6 d4 49. Qd6 d3 50. c6 d2 51. c7 Qe1 52. Qd3+ f5 53. Kb5 d1=Q
54. Qxd1 Qxd1 55. c8=Q Qxb3+ 56. Ka5 Qd5+ 57. Kb6 Qxg2 58. Qxe6 Qb2+ 59. Kc5
Qc2+ 60. Qc4 Qf2+ 61. Qd4 Qc2+ 62. Qc4 Qf2+ 63. Kb5 Qb2+ 64. Kc6 Qe5 65. Qd5
Qe8+ 66. Kc5 Qxa4 67. Qxf5+ Kg8 68. Qc8+ Kf7 69. Qf5+ Ke7 70. Qe5+ Kf8 71. Qf5+ 1/2-1/2

[Event "TCh-RUS Blitz 2015"]
[Site "Sochi RUS"]
[Date "2015.05.10"]
[Round "9.3"]
[White "Lysyj, Igor"]
[Black "Grachev, Boris"]
[Result "1/2-1/2"]
[WhiteTitle "GM"]
[BlackTitle "GM"]
[WhiteElo "2677"]
[BlackElo "2666"]
[WhiteTeam "Malachite (Sverdlovsk region)"]
[BlackTeam "Our Heritage SHSM-1 (Moscow)"]
[WhiteFideId "4150120"]
[BlackFideId "4129199"]
[EventDate "2015.05.10"]

1. d4 d5 2. c4 e6 3. Nf3 Nf6 4. Nc3 Nbd7 5. cxd5 exd5 6. Bg5 c6 7. e3 Be7 8. Bd3
Ne4 9. Bf4 Ndf6 10. Qc2 Bf5 11. O-O O-O 12. Ne5 g6 13. f3 Nd6 14. Rfe1 Bxd3 15.
Nxd3 Nh5 16. Bh6 Re8 17. Rad1 Bg5 18. Bxg5 Qxg5 19. Qf2 Rad8 20. e4 dxe4 21.
fxe4 Nb5 22. Ne5 Qf4 23. Nxb5 Qxf2+ 24. Kxf2 cxb5 25. g4 Nf4 26. Nf3 f6 27. h4
h6 28. g5 Rf8 29. gxh6 Kh7 30. d5 Kxh6 31. Nd4 Rfe8 32. Kf3 Nh5 33. Nxb5 a6 34.
Nc7 Re7 35. Ne6 Rd6 36. Nf4 Nxf4 37. Kxf4 Rc7 38. Rc1 Re7 39. Re3 f5 40. exf5
Rxe3 41. Kxe3 Rxd5 42. fxg6 Kxg6 43. Rh1 Kh5 44. Rh2 Rd7 45. a3 Rd6 46. Ke4 Rd7
47. b4 Rd6 48. Rh3 Rd7 49. Ke5 Rd1 50. Rc3 Kxh4 51. Rc7 Rd3 52. a4 b6 53. Rc6 a5
54. Rxb6 axb4 55. Rxb4+ Kg5 56. Rd4 Re3+ 57. Kd5 Kf6 58. Re4 Ra3 59. Kc5 Kf5 60.
Rh4 Ke6 61. Kb5 Kd7 62. Rc4 Rb3+ 63. Kc5 1/2-1/2